000 00632nam a2200205 i 4500
001 187393
003 SpMaBN
005 20230906222916.0
008 170628s1993 sp a c |||| |dspa d
080 _a75.035/.036(460)(064.3)
245 0 0 _aPintura del siglo XIX en España.
260 _aPamplona :
_bArteclío,
_c[1993]
300 _a88 p. :
_bil. col. y n. ;
_c30 cm.
504 _aReferencias bibliográficas.
650 7 _aPintura española-
_yS.XIX-
_vExposiciones.
_916040
655 7 _2tgfbne
_9193628
_aCatálogos de exposiciones
852 _aES-MaACL
_jL-31736
942 _2udc
999 _c187393
_d187393